Análisis y diagnóstico del abastecimiento del agua en la zona rural de Costa Rica
Gespeichert in:
| 1. Verfasser: | |
|---|---|
| Weitere Verfasser: | |
| Format: | Buch |
| Veröffentlicht: |
[San José , Costa Rica]
1985
|
| Schlagworte: | |
| Tags: |
Tag hinzufügen
Keine Tags, Fügen Sie den ersten Tag hinzu!
|
MARC
| LEADER | 00000nam a2200000Ia 4500 | ||
|---|---|---|---|
| 003 | 002935 | ||
| 005 | 20221231144401.0 | ||
| 008 | 140114s1985 cr a m 000 ||s d | ||
| 040 | |c cru CEDI | ||
| 090 | |a TFG 1721 | ||
| 100 | |a Sanabria Castro, Mercedes Iside |9 14475 | ||
| 245 | |a Análisis y diagnóstico del abastecimiento del agua en la zona rural de Costa Rica | ||
| 260 | |c 1985 |a [San José , Costa Rica] | ||
| 300 | |a 112 hojas : ilustraciones (algunas plegables) ; 28 cm | ||
| 500 | |a Proyecto de graduación (ingenieria civil)--Universidad de Costa Rica. Facultad de Ingeniería. Escuela de Ingeniería Civil, | ||
| 650 | |x SUMINISTRO DE AGUA - COSTA RICA |9 14477 | ||
| 700 | |9 14476 |a Yee Orozco, Aura Lorena | ||
| 942 | |c TFG |2 ddc | ||
| 999 | |c 21070 |d 21070 | ||
